00546nam a2200169 i 4500001000300000100002300003245005600026260004200082490003100124650002400155830003100179040000800210041000800218080001100226008004100237856009800278bg1 aMITCHELL, James K. 0aFundamentals of soil behavior /cJames K. Mitchell. aNew York :bJohn Wiley & Sons,c1977.1 aSeries in Soil Engineering 9aMechanika gruntów aSeries in Soil Engineering cBPK apol a624.13 s pl f |000 0 pol  uhttp://koha.tu.koszalin.pl/cgi-bin/koha/opac-detail.pl?biblionumber=18596yKatalog online BPK